Reinforced concrete construction, (Record no. 547030)

000 -LEADER
fixed length control field 00700cam a22002051 4500
082 ## - DEWEY DECIMAL CLASSIFICATION NUMBER
Classification number 624.18341
Author Mark HOO
-- L-19, P-19
100 1# - MAIN ENTRY--PERSONAL NAME
Personal name Hool, George A.
9 (RLIN) 42398
245 00 - TITLE STATEMENT
Title Reinforced concrete construction,
Statement of responsibility, etc. by George A. Hool, revised by Harry E. Pulver.
250 ## - EDITION STATEMENT
Edition statement 4th ed.
260 ## - PUBLICATION, DISTRIBUTION, ETC.
Place of publication, distribution, etc. New York,
-- London,
Name of publisher, distributor, etc. McGraw-Hill book company, inc.,
Date of publication, distribution, etc. 1937-
300 ## - PHYSICAL DESCRIPTION
Extent v.
Other physical details illus., tables, diagrs.
Dimensions 24 cm.
490 0# - SERIES STATEMENT
Series statement Engineering education series
505 1# - FORMATTED CONTENTS NOTE
Formatted contents note I. Fundamental principles.
526 ## - STUDY PROGRAM INFORMATION NOTE
Program name 0
Interest level 0
Reading level 0
Title point value 624_183410000000000_HOO
650 #0 - SUBJECT ADDED ENTRY--TOPICAL TERM
Topical term or geographic name entry element Concrete construction.
650 #0 - SUBJECT ADDED ENTRY--TOPICAL TERM
Topical term or geographic name entry element MCE
9 (RLIN) 379
650 #0 - SUBJECT ADDED ENTRY--TOPICAL TERM
Topical term or geographic name entry element Reinforced concrete.
9 (RLIN) 40928
700 1# - ADDED ENTRY--PERSONAL NAME
Personal name Pulver, Harry E.
9 (RLIN) 43232
942 ## - ADDED ENTRY ELEMENTS (KOHA)
Source of classification or shelving scheme
Koha item type Book
Holdings
Withdrawn status Lost status Source of classification or shelving scheme Damaged status Not for loan Permanent Location Current Location Date acquired Total Checkouts Full call number Barcode Date last seen Price effective from Koha item type
          Military College of Engineering (MCE) Military College of Engineering (MCE) 06/27/2014   624.18341 HOO MCE-30065 06/27/2014 06/27/2014 Book
© 2023 Central Library, National University of Sciences and Technology. All Rights Reserved.